Datum a čas kvízu
21.5
Celkem bodů
Celkový počet nahraných bodů na tomto kvízu bez doplňovacích otázek.
4.
Pořadí na kvízu
Konečné umístění týmu na tomto kvízu.
Zaznamenané odpovědi
| # | Otázka | Odpověď | Body | Výsledky |
|---|---|---|---|---|
| 1. | Jak se jmenuje stránka na česk... | Wikipedia | 1 | |
| 2. | Máte doma v lednici Power Natu... | viagru, erekci | 1 | |
| 3. | Osmaosmdesátiletý hollywoodský... | Pašerák (The Mule) | 0 | |
| 4. | Jak se nazývá inzertní platfor... | letgo | 0 | |
| 5. | Jak se jmenuje muž, který byl... | Tomáš Vaclík | 0 | |
| 6. | Dnešní cestovatelské téma se b... | Córdoba | 0 | |
| 7. | Jak se jmenuje velmi známý špa... | Luis Buñuel | 0 | |
| 8. | Když si vzpomenete na jednu zn... | Malagelo | 0 | |
| 9. | Jak se jmenuje antický hrdina,... | Héraklés (též Herkules) | 1 | |
| 10. | Na obrázku vidíte radnici v př... | Juan Carlos I. | 0 |